Participants de Danse avec les stars (Saison 1 à 13) - Statistiques

Statistiques générales
  • Ce quiz a été pris 292 fois
  • Le résultat moyen est 40 sur 137
Statistiques - réponses
Hint Réponse % Correct
1 Matt Pokora
76%
11 Michou
72%
2 Shy'm
69%
13 Inès Reg
68%
4 Alizée
63%
13 Natasha St Pier
63%
13 Nico Capone
59%
11 Tayc
59%
5 Rayane Bensetti
56%
6 Loïc Nottet
55%
13 Black M
54%
11 Bilal Hassani
53%
3 Amel Bent
51%
13 Cristina Cordula
50%
9 Clément Rémiens
49%
7 Laurent Maistret
49%
12 Billy Crawford
48%
13 Diane Leyre
48%
3 Emmanuel Moire
48%
9 Iris Mittenaere
48%
13 James Denton
48%
13 Coeur de Pirate
44%
7 Artus
43%
13 Keïona
43%
13 Roman Doduik
42%
9 Pamela Anderson
40%
1 Sofia Essaïdi
38%
4 Tal
38%
13 Caroline Margeridon
37%
13 Adeline Toniutti
36%
6 EnjoyPhoenix
36%
3 Lorie
36%
4 Laurent Ournac
35%
8 Lenni-Kim
35%
8 Agustin Galiana
34%
1 Jean-Marie Bigard
34%
7 Sylvie Tellier
34%
12 Amandine Petit
32%
7 Camille Lou
32%
7 Valérie Damidot
32%
11 Dita Von Teese
31%
6 Priscilla Betti
31%
4 Brahim Zaibat
30%
7 Caroline Receveur
30%
12 Florent Peyre
30%
7 Karine Ferri
30%
4 Keen'V
30%
8 Camille Lacourt
29%
12 Carla Lazzari
29%
2 Philippe Candeloro
29%
1 Rossy de Palma
28%
12 David Douillet
27%
5 Nathalie Péchalat
27%
8 Arielle Dombasle
26%
9 Basile Boli
26%
5 Brian Joubert
26%
10 Elsa Esnoult
26%
11 Lââm
26%
12 Léa Elui
26%
9 Lio
26%
8 Tatiana Silva
26%
6 Olivier Dion
25%
10 Sami El Gueddari
25%
12 Thomas Da Costa
25%
11 Aurélie Pons
24%
9 Carla Ginola
24%
1 David Ginola
24%
8 Elodie Gossuin
24%
7 Florent Mothe
24%
10 Ladji Doucouré
24%
4 Laëtitia Milot
24%
11 Lola Dubini
24%
7 Olivier Minne
24%
9 Terence Telle
24%
11 Vaimalama Chaves
24%
11 Wejdene
24%
10 Yoann Riou
24%
2 Baptiste Giabiconi
23%
7 Julien Lepers
23%
11 Lucie Lucas
23%
3 Taïg Chris
23%
8 Vincent Cerutti
23%
1 Adriana Karembeu
22%
1 André Manoukian
22%
9 Anouar Toubali
22%
10 Azize Diabaté
22%
3 Chimène Badi
22%
10 Clara Morgane
22%
6 Djibril Cissé
22%
11 Gérémy Crédeville
22%
8 Hapsatou Sy
22%
5 Tonya Kinzinger
22%
6 Véronique DiCaire
22%
4 Damien Sargue
21%
5 Joyce Jonathan
21%
4 Laury Thilleman
21%
10 Linda Hardy
21%
12 Stéphane Legar
21%
2 Valérie Bègue
21%
12 Clémence Castel
20%
5 Corneille
20%
12 Eva Queen
20%
2 Sheila
20%
9 Vincent Moscato
20%
3 Gérard Vives
19%
9 Héloise Martin
19%
8 Joy Esther
19%
10 Liane Foly
19%
2 Nâdiya
19%
4 Noémie Lenoir
19%
8 Sinclair
19%
12 Théo Fernandez
19%
6 Thierry Samitier
19%
12 Anggun
18%
3 Christophe Dominici
18%
6 Fabienne Carat
18%
5 Miguel Angel Munoz
18%
5 Ophélie Winter
18%
4 Titoff
18%
6 Vincent Niclo
18%
11 Jean-Baptiste Maunier
17%
5 Louisy Joseph
17%
5 Anthony Kavanagh
16%
3 Estelle Lefébure
16%
10 Hugo Philip
16%
7 Kamel le magicien
16%
3 Laura Flessel
16%
3 Bastien Baker
15%
2 Cédric Pioline
15%
5 Elisa Tovati
14%
2 Francis Lalanne
14%
6 Sophie Vouzelaud
14%
10 Moundir Zoughari
11%
2 Véronique Jeannot
11%
1 Marthe Mercardier
9%
11 Moussa Niangane
7%
9 Jenfi Janssens
5%
Aucun quiz correspondant
Distribution des résultats
% des personnes avec chaque résultat
Percentile par nombre de réponses
Votre historique - résultats
Vous n’avez pas pris ce quiz